48->Katowice Sądowa - Statystyki

Ogólne statystyki
  • Ten quiz został rozwiązany 10 razy
  • Średni wynik to 25 z 46
Statystyki odpowiedzi
Miasto Przystanek % Poprawnych
Chorzów Chorzów Stary Szyb Prezydent
83%
Chorzów Chorzów Stary Szyb Prezydent
83%
Ruda Śląska Kochłowice Kościół
83%
Katowice Ligota Medyków
83%
Katowice Brynów Wincentego Pola
67%
Chorzów Chorzów Hajducka
67%
Chorzów Chorzów Pałac Ślubów
67%
Chorzów Chorzów Rynek
67%
Katowice Katowice AWF
67%
Katowice Katowice Dworzec
67%
Katowice Katowice Mikołowska
67%
Katowice Katowice Mikołowska Sąd
67%
Katowice Katowice Sądowa
67%
Ruda Śląska Kochłowice Grzybowa
67%
Katowice Ligota Ośrodek Zdrowia
67%
Katowice Ligota Panewnicka
67%
Katowice Panewniki Bema
67%
Katowice Panewniki Szkoła
67%
Katowice Panewniki Wietnamska
67%
Katowice Brynów Kopalnia Wujek
50%
Chorzów Chorzów Batory Dworzec PKP
50%
Chorzów Chorzów Dąbrowskiego
50%
Chorzów Chorzów Estakada
50%
Chorzów Chorzów Liceum Katolickie
50%
Ruda Śląska Kochłowice Ośrodek Rekreacyjny
50%
Ruda Śląska Kochłowice Rondo Gębały
50%
Katowice Kokociniec Kijowska
50%
Katowice Kokociniec Płochy
50%
Katowice Panewniki Bałtycka
50%
Katowice Panewniki Stare
50%
Katowice Panewniki Stare Cmentarz
50%
Katowice Panewniki Wymysłów
50%
Katowice Stara Ligota Stroma
50%
Katowice Stara Ligota Załęska
50%
Chorzów Chorzów Batory 16 Lipca
33%
Chorzów Chorzów Batory Klonowa
33%
Chorzów Chorzów Batory Kościół
33%
Chorzów Chorzów Batory Osiedle
33%
Ruda Śląska Kochłowice Cegielnia
33%
Ruda Śląska Kochłowice Osiedle
33%
Ruda Śląska Kochłowice Piłsudskiego
33%
Ruda Śląska Kochłowice Przejazd Kolejowy
33%
Ruda Śląska Kochłowice Radoszowska
33%
Katowice Kokociniec Ogrodowa
33%
Katowice Kokociniec Wybickiego
33%
Katowice Ligota Wileńska
33%
Nie znaleziono quizów pasujących do podanych kryteriów
Rozkład punktacji
Procent ludzi z każdym wynikiem
Percentyl według liczby udzielonych odpowiedzi
Twoja historia wyników
Nie rozwiązałeś tego quizu